000 02319nam a2200421 a 4500
999 _c159843
_d159843
003 BLK
005 20240502162437.0
008 180410b bul|||||r ||||||| ||bul||
010 _aKNG00167042000
040 _aBLK
041 _aBUL
_cBUL
072 7 _2bullib
_aК
_xКраезнание
080 _aЗанаятчийски промишлени производствени системи
_b334.71
_x(497.215)
_z334.71(497.215)
080 _aОбществен живот. Народен бит
_b394
_x(497.215)
_z394(497.215)
100 _aНиколов, Иван
_eпърви автор
_9432751
139 _aНиколов, Иван
_bН 74
245 1 0 _aЗанаятите в района на Русенската търговско-индустриална камара
_bСпоред данните, добити от произведената през 1928 година анкета : Докл. на началника на Занаятчийския отд. при Камарата Иван Николов, четен в общото годишно събр. на същата - ХХХV редовна сесия
_cИван Николов.
257 _aBGR
260 _aРусе
_bТърг.-индустр. камара
_c1930
_fРусе : Роглев
300 _a9 с.
_c23 см
_e9 л. табл.
380 _a3
650 4 _aКамари, търговско-индустриални
_9280620
650 4 _aЗанаяти - България
_9245990
651 4 _aРусе
_9179462
653 _aРТИК
653 _aзанаяти
653 _aстатистика
653 _aсесии
659 _aК
852 _aЦб 40865
852 _aК 334/Н 74
_bК
856 4 _qpdf
_i0.00
_lreg users access
_fЗанаятите в района на Русенската търговско-индустриална камара
_uhttp://185.138.176.146:18082/cgi-bin/koha/opac-retrieve-file.pl?id=cc82ab6b464559d6e975ad453fa5ef02
_xebook
_zЗанаятите в района на Русенската търговско-индустриална камара
856 4 _qpdf
_i0.00
_ldisable
942 _cKNG
_n0
_s1
_01
944 _aCR
_c07.11.2014
_lВаля Йорданова
_k30558
944 _aED
_c2023-04-24
_kКети
999 _d159843